| 000 | 01335nam0a22003011 4500 | ||
|---|---|---|---|
| 001 | v19\rc\1337231 | ||
| 005 | 20260607062729.0 | ||
| 035 | _a(NLR Aleph) 005209358 | ||
| 090 |
_a5391994 _c5391994 |
||
| 100 | _a20060512d1856 |||y0rusy50 ca | ||
| 101 | 0 | _arus | |
| 102 | _aRU | ||
| 105 | _ay z |||c| | ||
| 200 | 1 |
_aОчерки старинной жизни _hI _iВечер в тереме царя Алексея Михайловича _f[Гр. Данилевский] |
|
| 210 |
_a[Санкт-Петербург _d1856] |
||
| 215 |
_a17 с. _d22 |
||
| 300 | _aАвт. указан в конце текста | ||
| 309 | _aБез тит. л. и обл. | ||
| 311 | _aОтт. из журн. Б-ка для чтения. Спб. 1856 | ||
| 488 | 0 |
_12001#$aБиблиотека для чтения$v1856 _1210##$aСанкт-Петербург _tБиблиотека для чтения |
|
| 700 | 1 |
_8rus _7ca _aДанилевский _bГ. П. _f1829-1890 _gГригорий Петрович _3RU\NLR\AUTH\7717156 _9246 |
|
| 702 | 0 |
_4570 _7ca _8rus _aАлексей Михайлович _cцарь русский _f1629-1676 _9125103 _3RU\NLR\AUTH\7715454 |
|
| 801 | 2 |
_aRU _bNLR _c20070822 _2rusmarc |
|
| 801 | 0 |
_aRU _bNLR _c20060512 _gpsbo |
|
| 801 | 1 |
_aRU _bProSoft-M _c20060512 _2rusmarc |
|
| 852 |
_aNLR _j18.133.3.158 |
||
| 942 | _cBOOK | ||
| 980 | _aNB | ||